French, Cajun, Creole, Houma (Record no. 237784)
[ view plain ]
| 000 -LEADER | |
|---|---|
| fixed length control field | 01692nam a2200385 a 4500 |
| 082 04 - DEWEY DECIMAL CLASSIFICATION NUMBER | |
| Classification number | 976.3/0097541 |
| 100 1# - MAIN ENTRY--AUTHOR NAME | |
| Personal name | Brasseaux, Carl A. |
| 245 10 - TITLE STATEMENT | |
| Title | French, Cajun, Creole, Houma |
| 260 ## - PUBLICATION, DISTRIBUTION, ETC. (IMPRINT) | |
| Place of publication | Baton Rouge : |
| Name of publisher | Louisiana State University Press, |
| Year of publication | c2005. |
| 300 ## - PHYSICAL DESCRIPTION | |
| Number of Pages | ix, 159 p. |
| 505 0# - FORMATTED CONTENTS NOTE | |
| Formatted contents note | The remarkable diversity of Louisiana's French-speaking population, 1699-1999 -- Four hundred years of Acadian life in North America -- Creoles : a family portrait in black and white -- The Houma nation -- French Louisiana historiography. |
| 650 #0 - SUBJECT ADDED ENTRY--TOPICAL TERM | |
| Topical Term | French Americans |
| Topical Term | Cajuns |
| Topical Term | Creoles |
| Topical Term | Houma Indians |
| 856 40 - ELECTRONIC LOCATION AND ACCESS | |
| Uniform Resource Identifier | http://site.ebrary.com/lib/rucke/Doc?id=10520578 |
No items available.
